Movies by Top Letterboxd Review - Statistics

General Stats
  • This quiz has been taken 122 times
  • The average score is 8 of 13
Answer Stats
Hint Answer % Correct
Glad sharks aren't real (Karsten) Jaws
94%
Ariel really sold her soul for d*ck (James) The Little Mermaid
89%
the most relatable part of this movie is when buzz becomes self-aware, has an existential crisis and sinks into depression (cinefila) Toy Story
84%
where the f*ck is the breakfast (Karleigh) The Breakfast Club
75%
Not sure why this didn’t work, it follows a classic 3 act structure — ACT ONE: Cats introduce themselves ACT TWO: Cats continue to introduce themselves ACT THREE: Unclear (Patrick) Cats
71%
why do people still live in new york in the mcu? i would have moved out by the fifth alien invasion. why is it still populated? (sophie) Avengers
68%
first watch: ______ is the best movie ever made
second watch: ______ is a deep commentary on the dangers of consumerism
third watch: ______ is a disgusting cesspool of toxic masculinity and it’s not as deep as its fanboys think it is
fourth watch: ______ is a critique of toxic masculinity and it’s deeper than its fanboys think it is
fifth watch: ______ is the best satirical gay romcom ever made (mia lee vicino)
Fight Club
65%
If some random b*tch in a bubble made me walk for hours on end only to tell me that all I needed to do was click my heels three times and I’d be home, I would beat her up. (meg) Wizard of Oz
63%
Sharpay should’ve just killed them fr (James (Schaffrillas)) High School Musical
55%
gale weathers setting up her camera immediately after surviving a serial killer attack: STORYTIME! I ALMOST DIED [No Clickbait] [Gone WRONG] (Jay) Scream
53%
The only Star Wars movie to fully explore the ramifications of Yoda's ketamine addiction and that's why it's the best one (James (Schaffrillas)) The Empire Strikes Back
47%
matt damon: *eats a boiled potato* me: now that;s cinema (ozzy) The Martian
38%
buttercup just standing there while westley gets f*ckin ripped to shreds by that giant rat...go girl give us nothing! (eely) The Princess Bride
28%
No matching quizzes found
Score Distribution
Percent of People with Each Score
Percentile by Number Answered
Your Score History
You have not taken this quiz